Inflation and growth in transition are the Asian economic different?

Uložené v:
Podrobná bibliografia
Hlavný autor: Kalra, Sanjay
Ďalší autori: Sloek, Torsten
Médium: Kniha
Jazyk:English
Vydavateľské údaje: Washington International Monetary Fund 1999
Edícia:IMF Working Paper WP/99/118
Predmet:
Tagy: Pridať tag
Žiadne tagy, Buďte prvý, kto otaguje tento záznam!

MARC

LEADER 00000nam a2200000 4500
001 c123768
005 20221221082641.8
041 0 |a eng 
044 |a US 
245 1 0 |a Inflation and growth in transition  |b are the Asian economic different?  |c Sanjay Kalra and Torsten Sloek 
264 1 |a Washington  |b International Monetary Fund  |c 1999 
300 |a 24 s. 
490 1 |a IMF Working Paper  |v WP/99/118 
830 0 |a IMF Working Paper  |v WP/99/118 
610 2 0 |a inflácia 
610 2 0 |a rast hospodársky 
610 2 0 |a transformácia 
610 2 0 |a reformy štruktúrne 
610 2 0 |a Ázia 
100 1 |a Kalra, Sanjay 
700 1 |a Sloek, Torsten